| 000 | 00835nam a22001817a 4500 | ||
|---|---|---|---|
| 005 | 2012020406456.0 | ||
| 020 |
_c150.00 _a8185957177 |
||
| 035 | _aB-63550 | ||
| 037 |
_b _adpl |
||
| 082 | _a070.4 | ||
| 100 |
_aतिवारी, अर्जुन _940766 |
||
| 245 | 1 |
_aपत्रकारिता एवं राष्ट्रीय चेतना का विकास / _cअर्जुन तिवारी |
|
| 260 |
_aइलाहाबाद _bजयभारती प्रकाशन _c2000 |
||
| 270 |
_a _b _e _k |
||
| 300 |
_a187पृ. _c22सेमी (सजिल्द) |
||
| 942 |
_adpl _cHN _k _2ddc _h070.4 _mतिवारी |
||
| 999 |
_c61942 _d61942 |
||